000
00298nam a2200133Ia 4500
008
230917s9999||||xx |||||||||||||| ||und||
020
_c
RS6.5
040
_e
193796
_a
MAIN
041
_a
English
082
_a
891.4393 K143B
100
_a
Kapoor, Kanhaiya Lal
245
0
_a
Bal Vapra
942
_c
BK
999
_c
196059
_d
196059